Black Sea Countries Quiz Stats

 Plays Quiz Updated Jul 7, 2014

Support Sporcle.
Go Orange.
Score 0/6 Timer 01:00
6 Plays Today
% Correct
Turkey
94.9%
Russia
94.5%
Ukraine
89.8%
Romania
84.6%
Bulgaria
83.2%
Georgia
79.6%

You're not logged in!

Compare scores with friends on all Sporcle quizzes.
OR
Log In

From the Vault

Countries of Europe by Name in Official Language

by bubblegumkitty

Can anyone explain to us why country names aren't the same in every language?
Remove Ads.
Support Sporcle.
Get the best of Sporcle when you Go Orange. This ad-free experience offers more features, more stats, and more fun while also helping to support Sporcle. Thank you for becoming a member.

Show Comments

Extras

Top Quizzes Today


Score Distribution

Your Account Isn't Verified!

In order to create a playlist on Sporcle, you need to verify the email address you used during registration. Go to your Sporcle Settings to finish the process.

Report this User

Report this user for behavior that violates our Community Guidelines.

Details: